| 000 | 00814nam a22002177a 4500 | ||
|---|---|---|---|
| 999 |
_c1614 _d1614 |
||
| 003 | AR-CdUCM | ||
| 008 | 190227b ||||| |||| 00| 0 spa d | ||
| 020 | _a9972267059 | ||
| 040 |
_aMUNICIPALIDAD PROVINCIAL DEL CUSCO _cBIBLIOTECA MUNICIPAL DEL CUSCO |
||
| 082 |
_a301 / _bSI55 |
||
| 245 | _aEl rostro amazónico del Cusco / | ||
| 260 |
_aLima : _bInstituto Nacional de Cultura, Dirección Regional de Cultura de Cusco, _bUNMSM _c2005 |
||
| 300 |
_a471 páginas ; _bláminas, ilustraciones, _c22 cm. |
||
| 650 |
_aIndígenas machigüengas _96041 |
||
| 650 |
_aVida y costumbres sociales _9857 |
||
| 650 |
_aReligión y mitología _96042 |
||
| 700 |
_aSilva Guerra, Giovanna (Compilador) _96043 |
||
| 700 |
_aVega Centeno, Alfredo Ugarte (Compilador) _96044 |
||
| 942 |
_2ddc _cLIBROS |
||
| 945 |
_araen _d2019-02-27 |
||